LEADER 03226nam 22006495 450 001 9910424624203321 005 20250606170126.0 010 $a9783110687040 010 $a3110687046 024 7 $a10.1515/9783110687040 035 $a(CKB)4100000011494224 035 $a(DE-B1597)541326 035 $a(DE-B1597)9783110687040 035 $a(OCoLC)1198930351 035 $aEBL7014880 035 $a(AU-PeEL)EBL7014880 035 $a(oapen)https://directory.doabooks.org/handle/20.500.12854/63614 035 $a(MiAaPQ)EBC7014880 035 $a(Au-PeEL)EBL7014880 035 $a(OCoLC)1330936023 035 $a(Perlego)2107247 035 $a(oapen)doab63614 035 $a(EXLCZ)994100000011494224 100 $a20200928h20202020 fg 101 0 $ager 135 $aur||#|||||||| 181 $ctxt$2rdacontent 182 $cc$2rdamedia 183 $acr$2rdacarrier 200 14$aDas materielle Erbe des Steinkohlenbergbaus in Deutschland $eEine Handreichung zur Dokumentation und Digitalisierung in kleinen Sammlungen /$fStefan Siemer 205 $a1st ed. 210 $aBerlin/Boston$cDe Gruyter$d2020 210 1$aMünchen ;$aWien :$cDe Gruyter Oldenbourg,$d[2020] 210 4$d©2020 215 $a1 online resource (V, 50 p.) 225 0 $aVeröffentlichungen aus dem Deutschen Bergbau-Museum Bochum ;$v237 300 $aDescription based upon print version of record. 311 08$a9783110686937 311 08$a3110686937 327 $tFrontmatter --$tInhaltsverzeichnis --$tEinleitung --$tWas sind Bergbauobjekte? --$tDokumentation --$tDigitalisierung --$tFördermöglichkeiten --$tLiteratur --$tAbbildungsnachweise --$tRegister 330 $aDie Publikation möchte mit Blick auf kleine Sammlungen zum Steinkohlenbergbau in Deutschland Mindeststandards bei der Erfassung und Dokumentation von Objekten vorstellen. Im Mittelpunkt stehen dabei Techniken des Fotografierens, die Erstellung von Datenbanken und die Präsentation von Objekten im Netz. Abgerundet wird die Handreichung durch eine Auflistung verschiedener Fördermöglichkeiten für kleine Museen und umfangreiche Literaturangaben. 330 $aThe publication aims to establish minimum standards for small museum collections of Germany's coal mining heritage, including the acquisition and documentation of objects. It focuses on photographic techniques, database creation, and the presentation of objects online. The guide is rounded out with a list of financial assistance options for small museums and an extensive bibliography. 410 0$aVeröffentlichungen Aus Dem Deutschen Bergbau-Museum Bochum 606 $aHISTORY / Study & Teaching$2bisacsh 610 $aCoal mining 610 $acoal mining heritage 610 $amuseum standards 610 $asmall museum collections 615 7$aHISTORY / Study & Teaching. 700 $aSiemer$b Stefan$4aut$4http://id.loc.gov/vocabulary/relators/aut$00 712 02$aDeutsches Bergbau-Museum Bochum,$4fnd$4http://id.loc.gov/vocabulary/relators/fnd 801 0$bDE-B1597 801 1$bDE-B1597 906 $aBOOK 912 $a9910424624203321 996 $aDas materielle Erbe des Steinkohlenbergbaus in Deutschland$92079807 997 $aUNINA